000 00289nam a22001337a 4500
008 170929b xxu||||| |||| 00| 0 eng d
020 _a0471870552
041 _aeng
080 _22ND
_a37
100 _a47
101 _aEDU
245 _aWILEY OFFICE HANDBOOK
_cKUTIE,R
942 _2udc
_cBK
999 _c30676
_d30676